000 01117njm a22002657a 4500
005 20100901115333.0
006 a|||||r|||||00| 0
007 sd ammalaaahaa
008 100901t xxu||||| |||| 00| 0 eng d
028 _aN 55454
_bHis Master's Voice
035 _aGR-01780
040 _aSED
_cSED
100 _aMukesh
_917891
245 _aEk Raat /
_cby Mukesh ; music by Usha Khanna ; lyrices by Anjaan
_h[Sound recording]
246 _aएक रात / मुकेश
260 _aDUM DUM, India
_bHis Master's Voice
_c1967
300 _a1 Sound disc [Gramophone Recording] :
_banalog, 33 1/3 rpm
_c9.5 in. (MP)
_fGramophone Record
500 _aBrief record
505 _aSide-1 आज तुमसे दूर होकर ( aaj tumse dur hokar) (Mukesh) --Side-2 दिल का लड़कपन शुरू होगया (Dil ka ladkpan shuru hogya) (Usha Khanna)
650 _aClassical music
_xExcerpts
_zIndia
_917892
700 _aKhanna, Usha
_919150
700 _aAnjaan
_919099
942 _2ddc
_cGR
999 _c44977
_d44977